|
|
|
|
| LEADER |
01934nam a2200229 a 4500 |
| 001 |
00024085 |
| 008 |
111226s2007 bg l f001 0 ben d |
| 040 |
|
|
|a DLC
|c DLC
|d BD-DhAAL
|
| 082 |
0 |
0 |
|a 348.5492/022
|2 22
|
| 245 |
1 |
4 |
|a বাংলাদেশ কোড.
|n ভলিউম-২৮ /
|c গণপ্রজাতন্ত্রী বাংলাদেশ সরকার, আইন বিচার ও সংসদ বিষয়ক মন্ত্রণালয়.
|
| 260 |
|
|
|a ঢাকা :
|b লেজিসলেটিভ এডমিনিস্ট্রেশন এন্ড ম্যানেজমেন্ট, আইন বিচার ও সংসদ বিষয়ক মন্ত্রণালয়,
|c ২০০৭.
|
| 300 |
|
|
|a ii, ৪৫৩ পৃষ্ঠা ;
|c ২৫ সে.মি.
|
| 500 |
|
|
|a প্রাথমিক শিরোনাম: গণপ্রজাতন্ত্রী বাংলাদেশ সরকার, আইন বিচার ও সংসদ বিষয়ক মন্ত্রণালয়
|
| 500 |
|
|
|a "এই ভলিউমের আইনসমূহ জানুয়ারি,২০০৭ সন পর্যন্ত হালনাগাদকৃত."
|
| 500 |
|
|
|a ১৯৯০ সনের ৯ নং আইন হইতে ১৯৯১ সনের ২১ নং আইন পর্যন্ত
|
| 541 |
|
|
|e 00024085
|
| 650 |
|
0 |
|a Law
|z Bangladesh.
|
| 710 |
1 |
|
|a গণপ্রজাতন্ত্রী বাংলাদেশ সরকার,
|b আইন বিচার ও সংসদ বিষয়ক মন্ত্রণালয়.
|9 59629
|
| 852 |
4 |
|
|a Ayesha Abed Library
|j General shelf
|
| 942 |
|
|
|2 ddc
|c BK
|
| 999 |
|
|
|c 11670
|d 11670
|
| 952 |
|
|
|0 0
|1 0
|2 ddc
|4 0
|6 348_549202200000000_BAN
|7 0
|9 18980
|a BRACUL
|b BRACUL
|c REF
|d 2011-12-27
|e Complimentary copy from Department of justice CANADA
|l 0
|o 348.5492022 BAN
|p 3010024085
|r 2011-12-27
|t 1
|w 2011-12-27
|y RSV
|x Available
|